Music Quiz

Random Music or Song Quiz

United States of Pop 2014 Quiz Stats

Quiz Updated Dec 5, 2014

Score 0/25 Timer 10:00
4 Plays Today
Song Title % Correct
Shake It Off
91.7%
All About That Bass
91.7%
Fancy
83.7%
Let It Go
77.9%
Happy
73.6%
Bang Bang
73.3%
All Of Me
70.8%
Dark Horse
70.2%
Talk Dirty
68.2%
Rude
64.6%
Problem
63.5%
Stay With Me
63.3%
Take Me to Church
59.8%
Song Title % Correct
Black Widow
58.9%
Animals
56.4%
Let Her Go
48.1%
Turn Down For What
44.4%
Timber
44.2%
Story of My Life
44%
Habits (Stay High)
43.6%
Don't Tell 'Em
43.1%
Say Something
37.8%
Team
31.1%
Pompeii
27.5%
Am I Wrong
26.1%

You're not logged in!

Compare scores with friends on all Sporcle quizzes.
Sign Up with Email
OR
Log In

You Might Also Like...

Show Comments

Extras

Top Quizzes Today


Score Distribution

Your Account Isn't Verified!

In order to create a playlist on Sporcle, you need to verify the email address you used during registration. Go to your Sporcle Settings to finish the process.